<?xml version="1.0" encoding="UTF-8"?><?xml-stylesheet type="text/xsl" href="static/style.xsl"?><OAI-PMH xmlns="http://www.openarchives.org/OAI/2.0/" xmlns:xsi="http://www.w3.org/2001/XMLSchema-instance" xsi:schemaLocation="http://www.openarchives.org/OAI/2.0/ http://www.openarchives.org/OAI/2.0/OAI-PMH.xsd"><responseDate>2026-06-02T06:36:46Z</responseDate><request verb="GetRecord" identifier="oai:riuma.uma.es:10630/32690" metadataPrefix="marc">https://riuma.uma.es/rest/oai/request</request><GetRecord><record><header><identifier>oai:riuma.uma.es:10630/32690</identifier><datestamp>2026-02-03T11:35:32Z</datestamp><setSpec>com_10630_2254</setSpec><setSpec>col_10630_37953</setSpec></header><metadata><record xmlns="http://www.loc.gov/MARC21/slim" xmlns:dcterms="http://purl.org/dc/terms/" xmlns:doc="http://www.lyncode.com/xoai" xmlns:xsi="http://www.w3.org/2001/XMLSchema-instance" xsi:schemaLocation="http://www.loc.gov/MARC21/slim http://www.loc.gov/standards/marcxml/schema/MARC21slim.xsd">
   <leader>00925njm 22002777a 4500</leader>
   <datafield ind2=" " ind1=" " tag="042">
      <subfield code="a">dc</subfield>
   </datafield>
   <datafield ind2=" " ind1=" " tag="720">
      <subfield code="a">Castellanos-Ramos, Julián</subfield>
      <subfield code="e">author</subfield>
   </datafield>
   <datafield ind2=" " ind1=" " tag="720">
      <subfield code="a">Trujillo-León, Andrés</subfield>
      <subfield code="e">author</subfield>
   </datafield>
   <datafield ind2=" " ind1=" " tag="720">
      <subfield code="a">Navas-González, Rafael Jesús</subfield>
      <subfield code="e">author</subfield>
   </datafield>
   <datafield ind2=" " ind1=" " tag="720">
      <subfield code="a">Barbero-Recio, Francisco</subfield>
      <subfield code="e">author</subfield>
   </datafield>
   <datafield ind2=" " ind1=" " tag="720">
      <subfield code="a">Sánchez-Durán, José Antonio</subfield>
      <subfield code="e">author</subfield>
   </datafield>
   <datafield ind2=" " ind1=" " tag="720">
      <subfield code="a">Oballe-Peinado, Óscar</subfield>
      <subfield code="e">author</subfield>
   </datafield>
   <datafield ind2=" " ind1=" " tag="720">
      <subfield code="a">Vidal-Verdú, Fernando</subfield>
      <subfield code="e">author</subfield>
   </datafield>
   <datafield ind2=" " ind1=" " tag="260">
      <subfield code="c">2020</subfield>
   </datafield>
   <datafield ind2=" " ind1=" " tag="520">
      <subfield code="a">Tactile sensors have been incorporated into robots to help in many tasks, such as preventing damage to humans in collaborative works or assistance or in dexterous manipulation.&#xd;
Proximity sensors are also common in robotics and are proposed to implement pretouch in multimodal realizations. Many tactile sensors are based on off-the-shelf force-sensing resistors (FSRs).&#xd;
The parasitic capacitance associated with the electrodes of the FSR can be exploited to measure proximity. Moreover, it is possible to implement both force and proximity signal acquisition with a single chip. This article presents a multimodal proximity and tactile patch based on commercial FSR plus a programmable system on chip (PSoC). The ability to measure proximity is achieved without adding any extra element. Discussions about key design issues as well as results that show the performance of the sensor patch are presented. As proximity sensing array, the range is in the order of the size of the electrodes, and it depends on the properties of the object nearby, as expected. The best performance is observed for conductive objects. Therefore, this approach is especially interesting in human–robot interaction tasks, such as shaping robotic hands or grippers around the human body. Furthermore, dielectric objects are also detected, so it can also be used to implement pretouch in manipulation tasks.</subfield>
   </datafield>
   <datafield ind1="8" ind2=" " tag="024">
      <subfield code="a">J. Castellanos-Ramos et al., "Adding Proximity Sensing Capability to Tactile Array Based on Off-the-Shelf FSR and PSoC," in IEEE Transactions on Instrumentation and Measurement, vol. 69, no. 7, pp. 4238-4250, July 2020, doi: 10.1109/TIM.2019.2944555</subfield>
   </datafield>
   <datafield ind1="8" ind2=" " tag="024">
      <subfield code="a">https://hdl.handle.net/10630/32690</subfield>
   </datafield>
   <datafield ind1="8" ind2=" " tag="024">
      <subfield code="a">10.1109/TIM.2019.2944555</subfield>
   </datafield>
   <datafield tag="653" ind2=" " ind1=" ">
      <subfield code="a">Tacto</subfield>
   </datafield>
   <datafield tag="653" ind2=" " ind1=" ">
      <subfield code="a">Detectores</subfield>
   </datafield>
   <datafield ind2="0" ind1="0" tag="245">
      <subfield code="a">Adding Proximity Sensing Capability to Tactile Array Based on Off-the-Shelf FSR and PSoC</subfield>
   </datafield>
</record>
</metadata></record></GetRecord></OAI-PMH>